Eastern Utah Libraries Catalog: Duchesne, Heber, Roosevelt, & Vernal

It's all about dinosaurs: a question and answer book / (Record no. 280291)

MARC details
000 -LEADER
fixed length control field 01468cam a2200409Ja 4500
001 - CONTROL NUMBER
control field ocm47658942
003 - CONTROL NUMBER IDENTIFIER
control field OCoLC
005 - DATE AND TIME OF LATEST TRANSACTION
control field 20230929111248.0
008 - FIXED-LENGTH DATA ELEMENTS--GENERAL INFORMATION
fixed length control field 010720s2001 flua c 000 0 eng
010 ## - LIBRARY OF CONGRESS CONTROL NUMBER
LC control number 2001048157
020 ## - INTERNATIONAL STANDARD BOOK NUMBER
International Standard Book Number 1589521595
020 ## - INTERNATIONAL STANDARD BOOK NUMBER
International Standard Book Number 9781589521599
020 ## - INTERNATIONAL STANDARD BOOK NUMBER
Terms of availability 16.95
029 1# - (OCLC)
OCLC library identifier AU@
System control number 000022876006
035 ## - SYSTEM CONTROL NUMBER
System control number (OCoLC)47658942
Canceled/invalid control number (OCoLC)732789168
040 ## - CATALOGING SOURCE
Original cataloging agency DLC
Language of cataloging eng
Transcribing agency DLC
Modifying agency OCLCQ
-- VPL
-- OCLCQ
-- BAKER
-- BTCTA
-- TXBXL
-- LEPLL
-- OCLCO
-- OCLCQ
-- WACOL
Description conventions rda
042 ## - AUTHENTICATION CODE
Authentication code pcc
-- lcac
049 ## - LOCAL HOLDINGS (OCLC)
Holding library WACL
050 00 - LIBRARY OF CONGRESS CALL NUMBER
Classification number QE861.5
Item number .M44 2001
082 00 - DEWEY DECIMAL CLASSIFICATION NUMBER
Classification number 567.9
Edition number 21
092 ## - LOCALLY ASSIGNED DEWEY CALL NUMBER (OCLC)
Classification number J567.9
Item number Meh
100 1# - MAIN ENTRY--PERSONAL NAME
Personal name Mehling, Carl.
9 (RLIN) 5878228
245 10 - TITLE STATEMENT
Title It's all about dinosaurs: a question and answer book /
Statement of responsibility, etc written by Carl Mehling.
Remainder of title Would a dinosaur eat my teacher?
246 3# - VARYING FORM OF TITLE
Title proper/short title Dinosaurs
260 ## - PUBLICATION, DISTRIBUTION, ETC. (IMPRINT)
Place of publication, distribution, etc Vero Beach, Fla. :
Name of publisher, distributor, etc Rourke Pub.,
Date of publication, distribution, etc 2001.
264 ## - Production, Publication, Distribution, Manufacture, and Copyright Notice.
Place of production, publication, distribution, manufacture Vero Beach, Fla. :
Name of producer, publisher, distributor, manufacturer Rourke Pub.,
Date of production, publication, distribution, manufacture, or copyr 2001
300 ## - PHYSICAL DESCRIPTION
Extent 29 p. :
Other physical details col. ill. ;
Dimensions 24 cm.
490 1# - SERIES STATEMENT
Series statement It's all about!
520 ## - SUMMARY, ETC.
Summary, etc Questions and answers provide facts about dinosaurs, such as what they ate, how they are named, and how scientists gather information from fossils.
650 #0 - SUBJECT ADDED ENTRY--TOPICAL TERM
Topical term or geographic name as entry element Dinosaurs
Form subdivision Juvenile literature.
9 (RLIN) 5673950
650 #1 - SUBJECT ADDED ENTRY--TOPICAL TERM
Topical term or geographic name as entry element Dinosaurs
Form subdivision Miscellanea.
9 (RLIN) 5744687
650 #1 - SUBJECT ADDED ENTRY--TOPICAL TERM
Topical term or geographic name as entry element Questions and answers.
9 (RLIN) 5878229
650 14 - SUBJECT ADDED ENTRY--TOPICAL TERM
Topical term or geographic name as entry element Questions and answers.
9 (RLIN) 5878229
650 14 - SUBJECT ADDED ENTRY--TOPICAL TERM
Topical term or geographic name as entry element Dinosaurs.
9 (RLIN) 5878230
830 #0 - SERIES ADDED ENTRY--UNIFORM TITLE
Uniform title It's all about!
9 (RLIN) 5878231
942 ## - ADDED ENTRY ELEMENTS (KOHA)
Koha item type BOOK
Source of classification or shelving scheme Dewey Decimal Classification
Holdings
Withdrawn status Lost status Source of classification or shelving scheme Damaged status Not for loan Collection code Home library Current library Shelving location Date acquired Cost, normal purchase price Total Checkouts Total Renewals Full call number Barcode Date last seen Date checked out Cost, replacement price Price effective from Koha item type
    Dewey Decimal Classification     Junior NonFiction Wasatch County Library Wasatch County Library Second Floor 03/27/2013 16.95 45 14 J 567.9 Meh 34301001146614 02/12/2026 01/08/2026 16.95 03/20/2020 BOOK
This project was made possible through a grant from the Institute of Museum and Library Service administered by the Utah State Library Division.

Wasatch County Library

  • 465 East 1200 South, Heber City, Utah 84032
  • Phone 435-654-1511 | Fax 435-654-6456

Hours

  • Monday - Friday 9:30 AM - 8:00 PM
  • Saturday 9:30 AM - 1:30 PM
  • Closed Sundays and Holidays